Central Library OPAC University of Rajshahi
Normal view MARC view

Entry Personal Name

Number of records used in: 1

001 - CONTROL NUMBER

  • control field: 5246

003 - CONTROL NUMBER IDENTIFIER

  • control field: BD-RjUL

005 - DATE AND TIME OF LATEST TRANSACTION

  • control field: 20221013145646.0

008 - FIXED-LENGTH DATA ELEMENTS

  • fixed length control field: 221013|| aca||aabn | a|a d

040 ## - CATALOGING SOURCE

  • Original cataloging agency: BD-RjUL
  • Transcribing agency: BD-RjUL

100 ## - HEADING--PERSONAL NAME

  • Personal name: Chabeet, Hassan Ibn (RA):
  • Dates associated with a name: 563-674
  • General subdivision: Arabic literatures

670 ## - SOURCE DATA FOUND

  • Source citation: Work cat.: (BD-RjUL)80534: আলী, মোহাম্মদ ওয়ারেছ 5242, হাসসান ইবন ছাবিত (রা:) এর কবিতায় ইসলামী মূল্যবোধ :, ২০০৭